El gato Mog
Enregistré dans:
| Auteur principal: | |
|---|---|
| Format: | Livre |
| Langue: | espagnol |
| Publié: |
Madrid
SM
1990
|
| Collection: | El Barco de Vapor
|
| Sujets: | |
| Tags: |
Ajouter un tag
Pas de tags, Soyez le premier à ajouter un tag!
|
MARC
| LEADER | 00000nam a2200000 a 4500 | ||
|---|---|---|---|
| 001 | UCW5536 | ||
| 003 | CL-VaPUC | ||
| 008 | 910604e19900000SP |||||||||||||||||spa|d | ||
| 082 | 0 | 4 | |a 823 |b AIK |2 21 |
| 100 | 0 | |a Aiken, Joan |e author |9 310545 | |
| 245 | 1 | 3 | |a El gato Mog |
| 300 | |a 97 p | ||
| 942 | |c BK | ||
| 945 | |d 19910604 00:00:00 | ||
| 260 | |a Madrid |b SM |c 1990 | ||
| 650 | 0 | |a Cuento infantil inglés |9 310546 | |
| 650 | 0 | |a Literatura infantil |9 307465 | |
| 583 | |a last modification |c 19910604 00:00:00 |k Rodrigo Vera | ||
| 490 | 0 | |a El Barco de Vapor | |
| 999 | |c 218942 |d 218940 | ||
| 952 | |0 0 |1 0 |4 0 |6 823_000000000000000_AIK_1990 |7 0 |8 A |9 209318 |a BIBEDU |b BIBEDU |d 2019-11-15 |i 2771446 |o 823 AIK 1990 |p 2771446 |r 2019-11-15 |w 2019-11-15 |y BK |k EDU | ||
| 952 | |0 0 |1 0 |4 0 |6 823_000000000000000_AIK_1990 |7 0 |8 A |9 209319 |a BIBEDU |b BIBEDU |d 2019-11-15 |i 2771454 |o 823 AIK 1990 |p 2771454 |r 2019-11-15 |w 2019-11-15 |y BK |k EDU | ||
| 952 | |0 0 |1 0 |4 0 |6 823_000000000000000_AIK_1990 |7 0 |8 A |9 209320 |a BIBEDU |b BIBEDU |d 2019-11-15 |i 2771462 |o 823 AIK 1990 |p 2771462 |r 2019-11-15 |w 2019-11-15 |y BK |k EDU | ||